000
00210nam a2200085 4500
001
1257679
005
20260218093807.0
245
_a
TAŞLA ŞİİR YAZAN SANATÇI MİMAR SİNAN
_c
MERYEM UÇAR
260
_b
ERDEM GENÇ
999
_c
1257679
_d
1257679